[Event "ch-PHI Grand Final 2012"]
[Site "Boracay PHI"]
[Date "2012.07.20"]
[Round "8.4"]
[White "Senador,E"]
[Black "Nava,R"]
[Result "1/2-1/2"]
[WhiteElo "2353"]
[BlackElo "2397"]

1.e4 c5 2.c3 Nf6 3.e5 Nd5 4.d4 cxd4 5.Nf3 Nc6 6.Bc4 Nb6 7.Bb3 d5 8.exd6 Qxd6
9.O-O Bf5 10.cxd4 e6 11.Nc3 Be7 12.Qe2 O-O 13.Rd1 Na5 14.Bc2 Bxc2 15.Qxc2 Nd5
16.Ne4 Qc6 17.Qe2 Qc4 18.Qe1 Bb4 19.b3 Qc7 20.Bd2 Nc6 21.Bxb4 Ndxb4 22.Rac1 Qb6
23.a3 Nd5 24.Nc5 Nf6 25.Ne5 Rfe8 26.Qe3 Ne7 27.Qf3 Ned5 28.Rc4 a5 29.Rdc1 Re7
30.Kh1 Qd8 31.h3 Ne8 32.Ne4 f6 33.Nd3 Nd6 34.Nxd6 Qxd6 35.Qe4 Rae8 36.a4 Rd8
37.Rc8 Nb6 38.Rxd8+ Qxd8 39.Rc5 Nd5 40.f4 g6 41.Qe1 b6 42.Rc4 Kg7 43.Rc6 Qe8
44.Rd6 Kf7 45.Qh4 Kg7 46.Qg4 Kf7 47.Nb2 h5 48.Qf3 Rd7 49.Nc4 Qe7 50.Rxd7 Qxd7
51.g4 hxg4 52.hxg4 Kg7 53.Qe4 Kf7  1/2-1/2

[Event "11th Condom Open A"]
[Site "Condom FRA"]
[Date "2012.07.20"]
[Round "8.10"]
[White "Berthelot,N"]
[Black "Favarel,A"]
[Result "0-1"]
[WhiteElo "1978"]
[BlackElo "2267"]

1.e4 c5 2.c3 Nf6 3.e5 Nd5 4.Bc4 e6 5.d4 cxd4 6.Bxd5 exd5 7.Qxd4 Qa5 8.Nf3 Nc6
9.Qf4 Qc7 10.O-O d6 11.Na3 a6 12.Re1 Be6 13.Qa4 dxe5 14.Nxe5 O-O-O 15.Nf3 Bd6
16.c4 Qa5 17.Qc2 Nd4 18.Qd1 Nxf3+ 19.gxf3 dxc4 20.Qc2 Qxe1+  0-1

[Event "Sparkassen Open A"]
[Site "Dortmund GER"]
[Date "2012.07.20"]
[Round "7.42"]
[White "Huebben,Dominik"]
[Black "Geyler,S"]
[Result "1-0"]
[WhiteElo "1836"]
[BlackElo "1935"]

1.e4 c5 2.c3 Nf6 3.e5 Nd5 4.d4 cxd4 5.cxd4 e6 6.Nf3 d6 7.Bc4 Nc6 8.O-O Be7
9.Qe2 O-O 10.Nc3 Nxc3 11.bxc3 Qc7 12.Bd3 dxe5 13.dxe5 f5 14.exf6 Bxf6 15.Ng5 g6
16.Nxe6 Bxe6 17.Qxe6+ Kg7 18.Qh3 Rfe8 19.Bh6+ Kg8 20.Rad1 Bg7 21.Bc4+ Kh8
22.Rd7 Qxd7 23.Qxd7 Bxh6 24.Qxb7 Na5 25.Qd5 Nxc4 26.Qxc4 Bg7 27.Qb3 Rad8
28.Qc2 Rd7 29.g3 Red8 30.Re1 Bh6 31.Re2 Rc7 32.c4 Rdc8 33.Re4 Bg7 34.Qb3 Bf6
35.f4 Bg7 36.Qb5 Rc6 37.Qxc6 Rxc6 38.Re8+ Bf8 39.Rxf8+ Kg7 40.Rd8 Ra6 41.Rd2 Kf6
42.Kf2 Ke6 43.Ke3 Ra3+ 44.Kd4 Kd6 45.c5+ Kc6 46.Rc2 Ra4+ 47.Ke5 Ra5  1-0

[Event "5th Paleochora Open"]
[Site "Paleochora GRE"]
[Date "2012.07.20"]
[Round "6.11"]
[White "Solberg,J"]
[Black "Ashwin,J"]
[Result "1/2-1/2"]
[WhiteElo "2250"]
[BlackElo "2476"]

1.e4 c5 2.c3 Nf6 3.e5 Nd5 4.Nf3 e6 5.d4 cxd4 6.cxd4 d6 7.Nc3 Nxc3 8.bxc3 Qc7
9.Bd2 Nd7 10.exd6 Bxd6 11.Bd3 b6 12.Qe2 Bb7 13.O-O O-O 14.h3 Rac8 15.Ng5 Nf6
16.f4 h6 17.Ne4 Nxe4 18.Bxe4 Bxe4 19.Qxe4 Qc6 20.Qxc6 Rxc6 21.a4 Bc7 22.Rf3 Rd8
23.Kf2 f6 24.Ke2 e5 25.fxe5 fxe5 26.dxe5 Bxe5 27.Rd3 Rdc8 28.Ra3 R8c7 29.Rb3 Rc4
30.Rb4 R4c6 31.Rb3 Rc4 32.Rb4 R4c5 33.Rb3 Kf7 34.Rf3+ Bf6 35.Kd1 Ke6 36.Re3+ Kd7
37.Rf3 Ke6 38.Re3+ Kd7 39.Rf3 h5 40.Kc2 Rc4 41.Ra3 R7c5 42.Rf4 Rxf4 43.Bxf4 Bg5
44.Bh2 Rd5 45.Ra2 Kc6 46.Kb3 Bf6 47.Re2 Rc5 48.Re3 Rg5 49.Re2 Rc5 50.Re3 Rg5
51.Re2 Kb7 52.Bd6 Ka6 53.Bf4 Rc5 54.Bd2 Rd5 55.Kc2 Rf5 56.g4 Rd5 57.Re4 hxg4
58.hxg4 Kb7  1/2-1/2

[Event "23rd Czech Open A"]
[Site "Pardubice CZE"]
[Date "2012.07.20"]
[Round "1.58"]
[White "Gruenter,M"]
[Black "Zorko,Ju"]
[Result "1/2-1/2"]
[WhiteElo "2232"]
[BlackElo "2476"]

1.e4 c5 2.c3 Nf6 3.e5 Nd5 4.d4 cxd4 5.Nf3 e6 6.cxd4 d6 7.Bc4 Nb6 8.Bd3 dxe5
9.dxe5 Na6 10.Bg5 Be7 11.Bxe7 Qxe7 12.Nc3 O-O 13.Qe2 Nc5 14.Bc2 Bd7 15.O-O Bc6
16.Nd4 Rfd8 17.Nxc6 bxc6 18.Rfd1 g6 19.Ne4 Nxe4 20.Bxe4 Qc5 21.Bf3 Rxd1+
22.Rxd1 Nd5 23.Qd2 Kg7 24.g3 h6 25.h4 Rb8 26.Rc1 Qb6 27.b3 Rb7 28.Rc4 Rd7
29.Be4 Qd8 30.Rxc6 Qb8 31.Rd6 Rxd6 32.exd6 Qxd6 33.Qd4+ Kg8 34.Qxa7 Nc3 35.Bf3 e5
36.Qa8+  1/2-1/2

[Event "Sparkassen Open A"]
[Site "Dortmund GER"]
[Date "2012.07.21"]
[Round "8.25"]
[White "Schneidereit,M"]
[Black "Pustelny-Conrad,Dieter"]
[Result "0-1"]
[WhiteElo "1820"]
[BlackElo "2070"]

1.e4 c5 2.c3 Nf6 3.d3 Nc6 4.Nf3 e5 5.Bg5 Be7 6.Be2 d5 7.Nbd2 O-O 8.O-O Be6
9.Bh4 Nd7 10.Bxe7 Qxe7 11.c4 dxc4 12.Nxc4 Bxc4 13.dxc4 Nf6 14.Qc2 Nb4 15.Qb1 Rfd8
16.a3 Nc6 17.Qc2 Nd4 18.Nxd4 Rxd4 19.f3 Nh5 20.Rfd1 Rad8 21.Rxd4 Rxd4 22.g3 g6
23.Rd1 Ng7 24.Rxd4 exd4 25.f4 Qd7 26.Kg2 a5 27.a4 b6 28.b3 Ne8 29.Qd3 Nc7
30.Qf3 Na6 31.Qg4 Qd8 32.Qf3 Nb4 33.Bd3 Qa8 34.Qe2 f5 35.Kf3 Kf7 36.h4 Nxd3
37.Qxd3 Qxe4+ 38.Qxe4 fxe4+ 39.Kxe4 Ke6  0-1

[Event "23rd Czech Open A"]
[Site "Pardubice CZE"]
[Date "2012.07.21"]
[Round "2.85"]
[White "Potapov,P"]
[Black "Mueer,S"]
[Result "1-0"]
[WhiteElo "2458"]
[BlackElo "2236"]

1.e4 c5 2.c3 Nf6 3.e5 Nd5 4.Bc4 Nb6 5.Bb3 c4 6.Bc2 Nc6 7.Nf3 d6 8.exd6 Qxd6
9.O-O Bg4 10.Re1 Qf6 11.b3 e6 12.bxc4 Bxf3 13.Qxf3 Qxf3 14.gxf3 Nxc4 15.d4 O-O-O
16.Bb3 Nb6 17.Nd2 Be7 18.f4 Nd5 19.Ne4 h6 20.Bd2 g5 21.f5 exf5 22.Ng3 f4
23.Nf5 Ba3 24.Rad1 Kc7 25.c4 Nde7 26.Nxe7 Nxe7 27.c5 Nf5 28.Bc3 Rhe8 29.Rxe8 Rxe8
30.Bxf7 Re2 31.Kf1 Rc2 32.Be1 b6 33.Bg6 bxc5 34.Bxf5 Rxa2 35.Be6 Rc2 36.Ra1 Bb2
37.Rxa7+ Kb6 38.Ra2  1-0

[Event "XXI TCh-MKD 2012"]
[Site "Struga MKD"]
[Date "2012.07.21"]
[Round "6.5"]
[White "Trajkoski,S"]
[Black "Colovic,A"]
[Result "1/2-1/2"]
[WhiteElo "2324"]
[BlackElo "2435"]

1.e4 c5 2.c3 Nf6 3.e5 Nd5 4.d4 cxd4 5.Nf3 e6 6.cxd4 d6 7.Nc3 Nxc3 8.bxc3 Qc7
9.Bd2 Nd7 10.exd6 Bxd6 11.Bd3 b6 12.O-O Bb7 13.Re1 O-O 14.Ne5 Nxe5 15.dxe5 Bc5
16.Bg5 Be7 17.Bxe7 Qxe7 18.Re3 Qg5 19.Qf1 Rfd8 20.a4 Rac8 21.Ba6 Qe7 22.a5 Rc5
23.axb6 axb6 24.Bxb7 Qxb7 25.Rd1 Rxd1 26.Qxd1 Qc7 27.h3 h6 28.Qd4 Rc4 29.Qd2  1/2-1/2

[Event "23rd Czech Open A"]
[Site "Pardubice CZE"]
[Date "2012.07.22"]
[Round "3.66"]
[White "Gruenter,M"]
[Black "Ponizil,C"]
[Result "0-1"]
[WhiteElo "2232"]
[BlackElo "2396"]

1.e4 c5 2.c3 Nf6 3.e5 Nd5 4.d4 cxd4 5.Nf3 Nc6 6.Bc4 Nb6 7.Bb3 d5 8.exd6 Qxd6
9.O-O Be6 10.Na3 dxc3 11.Qe2 Bxb3 12.Nb5 Qb8 13.axb3 e5 14.Nfd4 g6 15.Nxc6 bxc6
16.Nxa7 Qc7 17.Be3 cxb2 18.Ra6 Nd5 19.Rxc6 Qd7 20.Bc5 f6 21.Qc4 Nf4 22.Bxf8 Rxf8
23.Rc7 Qd5 24.Qxd5 Nxd5 25.Rxh7 Nc3 26.Nc6 Rg8  0-1

[Event "23rd Czech Open A"]
[Site "Pardubice CZE"]
[Date "2012.07.22"]
[Round "3.21"]
[White "Seger,R"]
[Black "Gopal,G"]
[Result "1/2-1/2"]
[WhiteElo "2378"]
[BlackElo "2550"]

1.e4 c5 2.c3 Nf6 3.e5 Nd5 4.d4 cxd4 5.Nf3 Nc6 6.cxd4 d6 7.Bc4 Nb6 8.Bb5 Bd7
9.Nc3 dxe5 10.dxe5 g6 11.O-O Bg7 12.Qe2 O-O 13.h3 a6 14.Bd3 Be6 15.Rd1 Qc7
16.Bf4 Nd5 17.Nxd5 Bxd5 18.Be4 Bxe4 19.Qxe4 e6 20.Rac1 Rfd8 21.Nd4 Qd7 22.Nxc6 Qxd1+
23.Rxd1 Rxd1+ 24.Kh2 bxc6 25.Qxc6 Rdd8 26.b3 a5 27.g3 Rac8 28.Qb6 Ra8 29.Kg2 Rdc8
30.Qb7 h5 31.h4 Rab8 32.Qa7 Ra8 33.Qb7 Rcb8 34.Qc6 Ra7 35.Qc5 Raa8 36.Qc6 Rc8
37.Qb7 Rcb8  1/2-1/2

[Event "23rd Czech Open A"]
[Site "Pardubice CZE"]
[Date "2012.07.23"]
[Round "4.45"]
[White "Potapov,P"]
[Black "Kutynec,V"]
[Result "1/2-1/2"]
[WhiteElo "2458"]
[BlackElo "2262"]

1.e4 c5 2.c3 Nf6 3.e5 Nd5 4.Bc4 Nb6 5.Bb3 c4 6.Bc2 Nc6 7.Nf3 d6 8.exd6 Qxd6
9.O-O Bg4 10.Re1 O-O-O 11.b3 Qf6 12.bxc4 Bxf3 13.Qxf3 Qxf3 14.gxf3 Nxc4 15.d4 e6
16.Bb3 N6a5 17.Nd2 Nxd2 18.Bxd2 Nxb3 19.axb3 a6 20.b4 Be7 21.Reb1 e5 22.b5 Rd6
23.bxa6 bxa6 24.Be3 exd4 25.cxd4 Rhd8 26.Ra5 Bf6 27.d5 Rxd5 28.Rxa6 Rd1+
29.Rxd1 Rxd1+  1/2-1/2

[Event "23rd Czech Open A"]
[Site "Pardubice CZE"]
[Date "2012.07.23"]
[Round "4.82"]
[White "Turner,Ja"]
[Black "Koykka,P"]
[Result "1-0"]
[WhiteElo "2395"]
[BlackElo "2218"]

1.e4 c5 2.c3 Nf6 3.e5 Nd5 4.d4 cxd4 5.Qxd4 e6 6.Nf3 Nc6 7.Qe4 d6 8.Nbd2 dxe5
9.Nxe5 Nxe5 10.Qxe5 Bd7 11.Nf3 Qf6 12.Be2 Be7 13.O-O O-O 14.Qe4 Qg6 15.Qxg6 hxg6
16.Ne5 Rfd8 17.Bf3 Bf6 18.Nxd7 Rxd7 19.a4 a5 20.Ra3 Rc8 21.Rb3 Bd8 22.Rd1 b6
23.g3 Nf6 24.Re1 Nd5 25.Kf1 Ne7 26.Be3 Nd5 27.Bd4 Rc6 28.Rb5 Kf8 29.Kg2 Rc4
30.Ra1 Rc6 31.h4 Rc8 32.Re1 Rc4 33.Ra1 Rc8 34.Kf1 f6 35.Ke2 Rc6 36.Bxd5 Rxd5
37.Rxd5 exd5 38.Kd3 Ke7 39.Rh1 Re6 40.h5 gxh5 41.Rxh5 Kd6 42.Rh8 Bc7 43.Rh7 Re7
44.b4 axb4 45.cxb4 Rd7 46.Rh8 Rd8 47.Rxd8+ Bxd8 48.Bc3 Kc6 49.Bd2 Be7 50.Kd4 Kd6
51.Bf4+ Ke6 52.a5 bxa5 53.bxa5 Bd8 54.a6 g5 55.Be3 Kd6 56.a7 Bb6+ 57.Kd3 Bxa7
58.Bxa7  1-0

[Event "Caissa GM July 2012"]
[Site "Kecskemet HUN"]
[Date "2012.07.24"]
[Round "4.4"]
[White "Gupta,B"]
[Black "Antal,T"]
[Result "1-0"]
[WhiteElo "2195"]
[BlackElo "2356"]

1.e4 c5 2.c3 Nf6 3.e5 Nd5 4.Nf3 e6 5.d4 cxd4 6.cxd4 d6 7.Bc4 Be7 8.O-O O-O
9.Qe2 Nc6 10.Nc3 dxe5 11.dxe5 Nxc3 12.bxc3 Qc7 13.Bd3 b6 14.Re1 Bb7 15.Ng5 Bxg5
16.Bxg5 Nxe5 17.Qxe5 Qxe5 18.Rxe5 f6 19.Rxe6 fxg5 20.Bc4 Kh8 21.Re7 Bc6 22.f3 h6
23.Rae1 Rf4 24.Bb3 g4 25.R1e6 Ba4 26.Rg6 Bxb3 27.axb3 Rg8 28.Rxg4 Rxg4 29.fxg4 Rc8
30.c4 a6 31.Re6 b5 32.cxb5 axb5 33.Re5 b4 34.Re4 Rc1+ 35.Kf2 Rc2+ 36.Kf3 Rc3+
37.Re3 Rc2 38.h4 g6 39.g3 Kg7 40.Kf4 Rb2 41.Ke4 Kf7 42.Kd5 Rc2 43.g5 hxg5
44.hxg5 Rc3 45.Ke4 Rc1 46.Kf4 Rb1 47.g4 Rb2 48.Ke5 Rc2 49.Re4 Rc5+ 50.Kd6 Rxg5
51.Rxb4 Ra5 52.Re4 Kf6 53.b4 Ra4 54.Kd5 g5 55.b5 Ra2 56.b6 Rb2 57.Kc6 Rc2+
58.Kb7 Rb2 59.Kc7 Rc2+ 60.Kb8  1-0

[Event "23rd Czech Open A"]
[Site "Pardubice CZE"]
[Date "2012.07.25"]
[Round "6.61"]
[White "Turner,Ja"]
[Black "Eschholz,E"]
[Result "1-0"]
[WhiteElo "2395"]
[BlackElo "2255"]

1.e4 c5 2.c3 Nf6 3.e5 Nd5 4.d4 cxd4 5.Qxd4 e6 6.Nf3 Nc6 7.Qe4 f5 8.Qe2 d6
9.g3 dxe5 10.Nxe5 Nxe5 11.Qxe5 Qd6 12.Qxd6 Bxd6 13.Bg2 Bd7 14.O-O Bc6 15.Nd2 Kf7
16.Re1 Rhe8 17.Nf3 e5 18.Ng5+ Kg6 19.Bxd5 Bxd5 20.Rd1 Be7 21.Rxd5 Bxg5 22.Bxg5 Kxg5
23.Rd7 Kf6 24.Rxb7 Red8 25.Kf1 Rd2 26.Re1 Rad8 27.Re2 Rd1+ 28.Kg2 e4 29.f3 e3
30.f4 R8d3 31.Rxa7 h6 32.Ra6+ Kf7 33.Ra5 R3d2 34.Kf3 Rh1 35.Rxf5+ Kg6 36.Rb5  1-0

[Event "23rd Czech Open A"]
[Site "Pardubice CZE"]
[Date "2012.07.25"]
[Round "6.56"]
[White "Potapov,P"]
[Black "Vlasak,Lu"]
[Result "1/2-1/2"]
[WhiteElo "2458"]
[BlackElo "2274"]

1.e4 c5 2.c3 Nf6 3.e5 Nd5 4.Bc4 Nb6 5.Bb3 c4 6.Bc2 d6 7.exd6 Qxd6 8.Ne2 g6
9.O-O Bg7 10.b3 cxb3 11.axb3 O-O 12.d4 Nc6 13.Nd2 Rd8 14.Ne4 Qc7 15.f4 Bg4
16.Bb2 Rac8 17.Rc1 Nd5 18.Qd2 Bxe2 19.Qxe2 Nxf4 20.Qf3 e5 21.b4 Qe7 22.Bb3 Kh8
23.Rce1 f5 24.Ng3 Qc7 25.Bc1 Qb6 26.Kh1 a5 27.d5 Ne7 28.c4 Qxb4 29.Ba2 Qa4
30.Bb3 Qb4 31.Ba2 Qa4 32.Bb3 Qd7 33.Bb2 Qd6 34.Qe3 a4 35.Ba2 Nexd5 36.cxd5 Nxd5
37.Bxd5 Qxd5 38.Bxe5 Re8 39.Bxg7+ Kxg7 40.Qg5 Rxe1 41.Rxe1 Kg8 42.h4 a3 43.Re7 Qc6
44.Kh2 Qd6 45.Qe3 Rc4 46.Rxb7 Rxh4+ 47.Kg1 Qd1+ 48.Kf2 Qd4 49.Rb8+ Kg7 50.Rb7+ Kg8
51.Rb8+  1/2-1/2

[Event "23rd Czech Open A"]
[Site "Pardubice CZE"]
[Date "2012.07.25"]
[Round "6.80"]
[White "Tomazini,Z"]
[Black "Tennert,Simon"]
[Result "1-0"]
[WhiteElo "2292"]
[BlackElo "2075"]

1.e4 c5 2.c3 Nf6 3.e5 Nd5 4.d4 cxd4 5.Nf3 e6 6.cxd4 d6 7.Bc4 Nc6 8.O-O Be7
9.Qe2 O-O 10.Nc3 dxe5 11.dxe5 Nxc3 12.bxc3 Qa5 13.Bd2 Rd8 14.Rfe1 Qc7 15.Bb3 b6
16.Qe4 Bb7 17.Ng5 g6 18.Qf4 Bf8 19.Qh4 h5 20.Ne4 Bg7 21.Bg5 Rd3 22.Bc2 Rd5
23.Nf6+ Bxf6 24.Bxf6 Nxe5 25.Be4 Ng4 26.Bxd5 Bxd5 27.Bd4 e5 28.Qg3 Qc6 29.Bxe5 Nxe5
30.Rxe5 h4 31.Qxh4 Bxg2 32.Re3 Bh1 33.Qg5 Bd5 34.Rh3 Be6 35.Qf6  1-0

[Event "23rd Czech Open A"]
[Site "Pardubice CZE"]
[Date "2012.07.26"]
[Round "7.100"]
[White "Schnitzer,P"]
[Black "Havlikova,K"]
[Result "1/2-1/2"]
[WhiteElo "2197"]
[BlackElo "2297"]

1.e4 c5 2.c3 Nf6 3.e5 Nd5 4.Nf3 Nc6 5.Bc4 Nb6 6.Bb3 c4 7.Bc2 d6 8.exd6 Qxd6
9.O-O Bg4 10.Re1 e6 11.b3 Be7 12.Na3 cxb3 13.axb3 Nd5 14.Nc4 Qc7 15.Ne3 Nxe3
16.Rxe3 Ne5 17.Rxe5 Bxf3 18.Qe1 Bc6 19.Rh5 g6 20.Rh3 Qd6 21.Be4 Qd7 22.Ba3 Bxa3
23.Bxc6 Qxc6 24.Rxa3 O-O 25.Qe3 Qd7 26.Ra4 Rad8 27.d3  1/2-1/2

[Event "PAB Romania Open 2012"]
[Site "Arad ROU"]
[Date "2012.07.27"]
[Round "1.1"]
[White "Ambru,D"]
[Black "Manolache,M"]
[Result "0-1"]
[WhiteElo "1918"]
[BlackElo "2549"]

1.e4 c5 2.c3 Nf6 3.e5 Nd5 4.d4 cxd4 5.cxd4 d6 6.Bc4 e6 7.Nf3 Nc6 8.a3 Nb6
9.Bb5 dxe5 10.Bxc6+ bxc6 11.dxe5 Qxd1+ 12.Kxd1 Ba6 13.Bg5 h6 14.Bd2 Rd8 15.Nc3 Nc4
16.Kc2 Na5 17.b3 Bd3+ 18.Kb2 Rb8 19.b4 Nc4+ 20.Kc1 c5 21.b5 g5 22.h4 g4 23.Ne1 Bf5
24.f4 gxf3 25.Nxf3 Rg8 26.Rg1 Rg4 27.g3 Rd8 28.Be1 Bg7 29.Nh2 Nxe5 30.Nxg4 Nd3+
31.Kb1 Nxe1+ 32.Ka2 Bxc3 33.Nxh6 c4 34.Nxf5 Rd2+ 35.Kb1 Rd1+  0-1

[Event "PAB Romania Open 2012"]
[Site "Arad ROU"]
[Date "2012.07.27"]
[Round "1.10"]
[White "Oltean,Stefan-Ioan"]
[Black "Vedmediuc,S"]
[Result "0-1"]
[WhiteElo "1886"]
[BlackElo "2468"]

1.e4 c5 2.c3 Nf6 3.e5 Nd5 4.d4 cxd4 5.cxd4 d6 6.Nf3 Nc6 7.Bc4 Nb6 8.Bb3 d5
9.O-O Bg4 10.Be3 e6 11.Nbd2 Bb4 12.Rc1 O-O 13.a3 Bxd2 14.Qxd2 Bxf3 15.gxf3 f6
16.exf6 Qxf6 17.f4 Nc4 18.Bxc4 dxc4 19.Rxc4 Ne7 20.Rfc1 Qg6+ 21.Kh1 Nf5 22.Rg1 Qh5
23.Qd1 Ng3+ 24.Kg2 Qd5+ 25.Qf3 Ne2 26.Qxd5 exd5 27.Rc5 Nxg1 28.Kxg1 Rad8
29.Kg2 b6 30.Rc7 Rf7 31.Rc6 Rdd7 32.Bd2 Rc7 33.Rxc7 Rxc7 34.Bc3 Kf7 35.Kf3 Kf6
36.Ke3 Kf5 37.Kf3 Rc6  0-1

[Event "3rd Terre degli Elimi"]
[Site "Erice ITA"]
[Date "2012.07.27"]
[Round "3"]
[White "Brunello,M"]
[Black "Sammalvuo,T"]
[Result "1/2-1/2"]
[WhiteElo "2239"]
[BlackElo "2472"]

1.e4 c5 2.c3 Nf6 3.e5 Nd5 4.d4 cxd4 5.Nf3 e6 6.cxd4 d6 7.Bc4 Nb6 8.Bd3 dxe5
9.Nxe5 Nc6 10.Nf3 Be7 11.Nc3 O-O 12.O-O Re8 13.Be3 Nd5 14.Rc1 Nxe3 15.fxe3 Bd7
16.Ne4 Rc8 17.Nc5 Bxc5 18.Rxc5 g6 19.Bc2 b6 20.Rc3 f6 21.Nd2 Nb4 22.Bb3 Nd5
23.Rxc8 Bxc8 24.Qf3 Ba6 25.Rf2 Kg7 26.a3 Qe7 27.h3 Bb7 28.Qg3 Qc7 29.Qxc7+ Nxc7
30.Rf1 Re7 31.Kf2 e5 32.dxe5 Rxe5 33.Rc1 Re7 34.Nf3 Na6 35.Nd4 Nc5 36.Bc2 Nd7
37.Bd1 Ne5 38.Be2 Bd5 39.Rc8 Bb7 40.Rc1 f5 41.Nb5 Bc6 42.Nd4 Bd5 43.Rc8 Nf7
44.Nb5 Kf6 45.Rc7 Rxc7 46.Nxc7 Ke5 47.Nb5 a5 48.Nc3 Nd6 49.Bd3 Bb3 50.Kf3 Bc4
51.Ke2 Bd5 52.Kf2 Bc6 53.Kg3 g5 54.Kf2 h5 55.g3 h4 56.gxh4 gxh4 57.Ne2 Be4
58.Nf4 Bxd3 59.Nxd3+ Ke4 60.Ke2 Nc4 61.Nf2+ Kd5 62.Nd3 a4 63.Nb4+ Ke4 64.Na2 Nxb2
65.Nc3+ Ke5 66.Kf3 Nc4 67.Nxa4 b5 68.Nc5 Nxa3 69.Nd3+ Kd5 70.Kf4 Nc2 71.Kxf5 Nxe3+
72.Kg5 Kd4 73.Nb4 Ng2 74.Kg4 Kc4 75.Nc6 Kd5 76.Nb4+ Kd4 77.Nc6+ Kc5 78.Ne5 Kd5
79.Nd3 Kc4 80.Ne5+ Kd4 81.Nc6+ Ke4 82.Nb4 Kd4 83.Nc6+  1/2-1/2

[Event "PAB Romania Open 2012"]
[Site "Arad ROU"]
[Date "2012.07.28"]
[Round "2.9"]
[White "Murariu,A"]
[Black "Uta,Ad"]
[Result "1-0"]
[WhiteElo "2498"]
[BlackElo "2051"]

1.e4 c5 2.c3 Nf6 3.e5 Nd5 4.d4 cxd4 5.Nf3 Nc6 6.cxd4 d6 7.Bc4 Nb6 8.Bb5 dxe5
9.Nxe5 Bd7 10.Nxd7 Qxd7 11.Nc3 e6 12.O-O Be7 13.Qg4 Bf6 14.Be3 a6 15.Bxc6 Qxc6
16.Rac1 Nd5 17.Bg5 Rd8 18.Nxd5 Qxd5 19.Bxf6 gxf6 20.Qg7 Rf8 21.Rc7 Qg5 22.Qxg5 fxg5
23.Rxb7 Rd7 24.Rb6 Ke7 25.Rc1 Ra8 26.g3 Rxd4 27.Rc7+ Rd7 28.Rc5 Kf6 29.a4 a5
30.Rbb5 Rd1+ 31.Kg2 Rb1 32.Rxg5 Rd8 33.Rg4 Rd2 34.Rf4+ Kg6 35.h4 f5 36.g4 Rdxb2
37.gxf5+ exf5 38.Rbxf5 Rb6 39.Rxa5 R1b4 40.Rxb4 Rxb4 41.Kg3 Rc4 42.f3 Rb4
43.Rg5+ Kf6 44.Rg4 Rb2 45.Rc4 Kf5 46.a5 Ra2 47.Rc5+ Kf6 48.Kg4 Ra4+ 49.f4 Ra1
50.Rc6+ Kg7 51.a6 Ra5 52.h5  1-0

[Event "Politiken Cup 2012"]
[Site "Helsingor DEN"]
[Date "2012.07.28"]
[Round "1.52"]
[White "Fossan,P"]
[Black "Mouritsen,J"]
[Result "1-0"]
[WhiteElo "2255"]
[BlackElo "1822"]

1.e4 c5 2.c3 Nf6 3.e5 Nd5 4.d4 cxd4 5.Nf3 Nc6 6.Bc4 Nb6 7.Bb3 e6 8.cxd4 Be7
9.O-O O-O 10.Nc3 d6 11.Qe2 a6 12.Rd1 Qc7 13.exd6 Bxd6 14.Qe4 Nd7 15.Bg5 Ne7
16.Rac1 Qd8 17.Qh4 Re8 18.Ne4 Nf8 19.Ne5 Qb6 20.Nc4 Qd8  1-0

[Event "PAB Romania Open 2012"]
[Site "Arad ROU"]
[Date "2012.07.29"]
[Round "4.8"]
[White "Szabo,G ROM"]
[Black "Daianu,C"]
[Result "1/2-1/2"]
[WhiteElo "2533"]
[BlackElo "2240"]

1.e4 c5 2.c3 Nf6 3.e5 Nd5 4.d4 cxd4 5.Nf3 e6 6.cxd4 Nc6 7.Bc4 d6 8.O-O Be7
9.Qe2 Nb6 10.Bb3 dxe5 11.dxe5 Nd4 12.Nxd4 Qxd4 13.Rd1 Qc5 14.Nc3 Bd7 15.a3 Bc6
16.Bf4 O-O 17.Rac1 Rfd8 18.Ne4 Qb5 19.Qxb5 Bxb5 20.Nd6 Bc6 21.Ba2 Nd5 22.Bxd5 Bxd5
23.Rc7 Kf8 24.h4 Bxd6 25.exd6 Rac8 26.h5 f6 27.b4 Rxc7 28.dxc7 Rc8 29.b5 b6
30.a4 Ke7 31.Rd3 e5  1/2-1/2

[Event "Politiken Cup 2012"]
[Site "Helsingor DEN"]
[Date "2012.07.29"]
[Round "2.27"]
[White "Skjoldager,P"]
[Black "Bekker Jensen,S"]
[Result "1/2-1/2"]
[WhiteElo "2062"]
[BlackElo "2394"]

1.e4 c5 2.c3 Nf6 3.e5 Nd5 4.d4 cxd4 5.cxd4 d6 6.Nf3 Nc6 7.Bc4 Nb6 8.Bb5 dxe5
9.Nxe5 Bd7 10.Bxc6 Bxc6 11.Nxc6 bxc6 12.O-O e6 13.Qg4 Qf6 14.Nc3 Be7 15.Be3 Qg6
16.Qf3 Rc8 17.Rac1 O-O 18.Ne2 Qd3 19.Nf4 Qb5 20.Nh5 Kh8 21.b3 Nd5 22.Rc4 Nb6
23.Rc2 Nd5 24.Rc4 Nb4 25.a4 Qb7 26.Qg3 Rg8 27.Bd2 Nd5 28.Qf3 Rgf8 29.Qg3 g6
30.Bh6 Rg8 31.Nf4 Bd6 32.Qf3 Bxf4 33.Bxf4 f6 34.Bd6 Qd7 35.Bc5 Rc7 36.Re1 Rb7
37.b4 Kg7 38.h4 h5 39.Qe4 Kf7 40.a5 Nc7 41.Rc3 Qd5 42.Qf4 Qd7 43.Qh6 Nd5
44.Rg3 Rbb8 45.Qd2 Qc7 46.Qe2 Qd7 47.Rf3 Nxb4 48.Bxa7 Ra8  1/2-1/2

[Event "Politiken Cup 2012"]
[Site "Helsingor DEN"]
[Date "2012.07.29"]
[Round "2.47"]
[White "Nielsen,LA"]
[Black "Christensen,Es"]
[Result "1-0"]
[WhiteElo "2254"]
[BlackElo "2023"]

1.e4 c5 2.c3 Nf6 3.e5 Nd5 4.Nf3 b6 5.d4 cxd4 6.cxd4 e6 7.Bc4 Bb7 8.O-O d6
9.a3 Nd7 10.Qe2 Qc7 11.Bd2 Rc8 12.Rc1 Qb8 13.Nc3 Nxc3 14.Bxc3 Bxf3 15.gxf3 Be7
16.Bb5 Rd8 17.d5 O-O 18.dxe6 fxe6 19.exd6 Bxd6 20.Qxe6+ Kh8 21.Bxd7 Bxh2+
22.Kg2 Qf4 23.Bc6 Rd6 24.Qe4 Qh6 25.Rh1 Rg6+ 26.Kf1 Qh3+ 27.Ke2 Re6 28.Be5  1-0

[Event "Politiken Cup 2012"]
[Site "Helsingor DEN"]
[Date "2012.07.29"]
[Round "2.30"]
[White "Nielsen,Ho"]
[Black "L'Ami,Alina"]
[Result "1/2-1/2"]
[WhiteElo "2057"]
[BlackElo "2372"]

1.e4 c5 2.c3 Nf6 3.e5 Nd5 4.d4 cxd4 5.cxd4 Nc6 6.Nf3 d6 7.Bc4 dxe5 8.Nxe5 e6
9.Nxc6 bxc6 10.O-O Be7 11.Nc3 O-O 12.Re1 Rb8 13.Ne4 Rb4 14.b3 Rb8 15.Nc5 Qb6
16.Bxd5 cxd5 17.Bf4 Bd6 18.Qf3 Qc7 19.Bg3 Bxg3 20.hxg3 Qd6 21.Rac1 Bd7 22.Rc2 Rfd8
23.Rec1 h6 24.Qf4 Qxf4 25.gxf4 Rb4 26.Rd2 Kf8 27.Kf1 Ke7 28.Ke2 Kd6 29.Ke3 f6
30.Rdc2 Be8 31.Nd3 Rb7 32.Rc3 Bb5 33.g3 Bxd3 34.Rc6+ Ke7 35.Kxd3 Rd6 36.Rc8 Rd8
37.R8c6 Rd6 38.Rc8 Rd8 39.R8c6 Rd6  1/2-1/2

[Event "Politiken Cup 2012"]
[Site "Helsingor DEN"]
[Date "2012.07.29"]
[Round "3.67"]
[White "Eriksson,C"]
[Black "Hinrichs,Lars"]
[Result "1-0"]
[WhiteElo "2106"]
[BlackElo "1877"]

1.e4 c5 2.c3 Nf6 3.e5 Nd5 4.d4 cxd4 5.cxd4 Nc6 6.Nf3 d6 7.Bc4 Nb6 8.Bb3 dxe5
9.d5 Na5 10.Nc3 f6 11.Be3 g6 12.O-O Bd7 13.Nd2 Bg7 14.Nde4 Nbc4 15.Nc5 Nxe3
16.fxe3 Nxb3 17.Qxb3 Qc8 18.Nxd7 Qxd7 19.Rad1 O-O 20.Nb5 Kh8 21.d6 a6 22.Nc7 Rac8
23.Ne6 Rfe8 24.Nc7 Rf8 25.Nd5 exd6 26.Nb6 Qc6 27.Nxc8 Rxc8 28.Qe6 Qc5 29.Rxd6 Qxe3+
30.Kh1 Qc5 31.Rfd1 h5 32.h3 Kh7 33.Rd7 Rc7 34.Qxf6 Rxd7 35.Rxd7 Qc1+ 36.Kh2 Qf4+
37.Qxf4 exf4 38.Rxb7 Kh6 39.h4 Bf6 40.Kh3 Bd4 41.b4 g5 42.hxg5+ Kxg5 43.b5  1-0

[Event "Politiken Cup 2012"]
[Site "Helsingor DEN"]
[Date "2012.07.30"]
[Round "4.16"]
[White "Nielsen,LA"]
[Black "Bekker Jensen,S"]
[Result "1/2-1/2"]
[WhiteElo "2254"]
[BlackElo "2394"]

1.e4 c5 2.c3 Nf6 3.e5 Nd5 4.Nf3 Nc6 5.d4 cxd4 6.cxd4 d6 7.Nc3 dxe5 8.dxe5 Nxc3
9.Qxd8+ Nxd8 10.bxc3 Bd7 11.Nd4 Nc6 12.e6 fxe6 13.Be3 Nxd4 14.Bxd4 Bc6 15.h4 h5
16.Rh3 Kf7 17.Rg3 e5 18.Bxe5 Rg8 19.Bc4+ e6 20.Be2 g6 21.Bf3 Bg7  1/2-1/2

[Event "Tabor Open 2012"]
[Site "Tabor CZE"]
[Date "2012.07.30"]
[Round "2.27"]
[White "Kopecky,Jiri1"]
[Black "Mojzis,Jar"]
[Result "1-0"]
[WhiteElo "1956"]
[BlackElo "2188"]

1.e4 c5 2.c3 Nf6 3.e5 Nd5 4.d4 cxd4 5.cxd4 d6 6.exd6 Qxd6 7.Nc3 g6 8.Bc4 Nxc3
9.bxc3 Bg7 10.Nf3 O-O 11.O-O Nc6 12.Ng5 h6 13.Ne4 Qc7 14.Be2 b6 15.Ng3 Bb7
16.Be3 Rfd8 17.Qd2 Kh7 18.Rac1 Na5 19.c4 Bxd4 20.Bxd4 Nc6 21.Bxb6 axb6 22.Qb2 Nd4
23.Rfd1 Qc6 24.Bf1 Ne6 25.Rxd8 Rxd8 26.Rb1 Rd6 27.Qb5 Qc7 28.a4 Nc5 29.Ra1 Rd2
30.a5 Qe5 31.Rb1 bxa5 32.Qxa5 Rd6 33.Rxb7 Ra6 34.Qb5 Ra2 35.Rb8 Qd4 36.Ne2 Qd6
37.Qe8  1-0

[Event "PAB Romania Open 2012"]
[Site "Arad ROU"]
[Date "2012.08.01"]
[Round "8.35"]
[White "Barbuleanu,Serban-Ioan"]
[Black "Marcu,A"]
[Result "1/2-1/2"]
[WhiteElo "1827"]
[BlackElo "2044"]

1.e4 c5 2.c3 Nf6 3.e5 Nd5 4.d4 cxd4 5.Nf3 e6 6.cxd4 d6 7.Bc4 Nb6 8.Bb5+ Bd7
9.Qe2 Bxb5 10.Qxb5+ Qd7 11.Nc3 Nc6 12.O-O Be7 13.Rd1 O-O 14.Bg5 d5 15.Bxe7 Qxe7
16.Qe2 a6 17.Rac1 Rac8 18.b3  1/2-1/2

[Event "45th Biel Masters Open"]
[Site "Biel SUI"]
[Date "2012.08.01"]
[Round "9"]
[White "Vorotnikov,V1"]
[Black "Pavlovic,Milos"]
[Result "1/2-1/2"]
[WhiteElo "2446"]
[BlackElo "2530"]

1.e4 c5 2.c3 Nf6 3.e5 Nd5 4.Bc4 e6 5.Nf3 d6 6.O-O dxe5 7.Nxe5 Bd6 8.d4 O-O
9.Nd2 Qc7 10.Ne4 cxd4 11.Nxd6 Qxd6 12.Qxd4 Nc6 13.Nxc6 bxc6 14.Be3 Rd8 15.Qc5 Nxe3
16.Qxe3  1/2-1/2